000 00617nam a2200265Ia 4500
005 20260306164147.0
008 008 260114s9999 xx 000 0 eng d
020 _a9780231539333
037 _aEBOOK
040 _aCRL
040 _beng
040 _cCRL
041 _2eng
041 _aeng
084 _qCRL
100 _aVon Mücke
_91130123
245 4 _aThe Practices Of The Enlightenment
260 _bColumbia University Press
260 _c2015
650 _aPhilosophy
856 _uhttps://academic.oup.com/book/14803
942 _cEBOOK
999 _c1712993
_d1712993